<?xml version="1.0" encoding="UTF-8"?><?xml-stylesheet type="text/xsl" href="static/style.xsl"?><OAI-PMH xmlns="http://www.openarchives.org/OAI/2.0/" xmlns:xsi="http://www.w3.org/2001/XMLSchema-instance" xsi:schemaLocation="http://www.openarchives.org/OAI/2.0/ http://www.openarchives.org/OAI/2.0/OAI-PMH.xsd"><responseDate>2026-04-17T16:28:30Z</responseDate><request verb="GetRecord" identifier="oai:www.recercat.cat:10256/17175" metadataPrefix="marc">https://recercat.cat/oai/request</request><GetRecord><record><header><identifier>oai:recercat.cat:10256/17175</identifier><datestamp>2024-05-21T10:37:09Z</datestamp><setSpec>com_2072_452955</setSpec><setSpec>com_2072_2054</setSpec><setSpec>col_2072_452960</setSpec><setSpec>col_2072_453079</setSpec></header><metadata><record xmlns="http://www.loc.gov/MARC21/slim" xmlns:dcterms="http://purl.org/dc/terms/" xmlns:xsi="http://www.w3.org/2001/XMLSchema-instance" xmlns:doc="http://www.lyncode.com/xoai" xsi:schemaLocation="http://www.loc.gov/MARC21/slim http://www.loc.gov/standards/marcxml/schema/MARC21slim.xsd">
   <leader>00925njm 22002777a 4500</leader>
   <datafield ind2=" " ind1=" " tag="042">
      <subfield code="a">dc</subfield>
   </datafield>
   <datafield ind2=" " ind1=" " tag="720">
      <subfield code="a">Coll Vidal, Mònica</subfield>
      <subfield code="e">author</subfield>
   </datafield>
   <datafield ind2=" " ind1=" " tag="720">
      <subfield code="a">Oliva, Antonio</subfield>
      <subfield code="e">author</subfield>
   </datafield>
   <datafield ind2=" " ind1=" " tag="720">
      <subfield code="a">Grassi, Simone</subfield>
      <subfield code="e">author</subfield>
   </datafield>
   <datafield ind2=" " ind1=" " tag="720">
      <subfield code="a">Brugada, Ramon</subfield>
      <subfield code="e">author</subfield>
   </datafield>
   <datafield ind2=" " ind1=" " tag="720">
      <subfield code="a">Campuzano Larrea, Oscar</subfield>
      <subfield code="e">author</subfield>
   </datafield>
   <datafield ind2=" " ind1=" " tag="260">
      <subfield code="c">2019-04-23</subfield>
   </datafield>
   <datafield ind2=" " ind1=" " tag="520">
      <subfield code="a">Epilepsy is a common neurological disorder associated with increased morbidity and mortality. Sudden unexpected death in epilepsy, also known as SUDEP, is the main cause of death in patients with epilepsy. SUDEP has an incidence of 1.2 per 1000 person-years in adults and 0.2 per 1000 person-years in children. SUDEP accounts for 8–17% of deaths in patients with epilepsy. It is commonly associated with a history of generalized tonic-clonic seizures, and its risk may be increased by other factors such as postictal electroencephalographic suppression, prone sleeping position, altered heart rate variability, conduction abnormalities, gender, or antiepileptic medications. Recently, electrocardiograms, electroencephalograms, and imaging markers have helped clinicians stratify SUDEP risk and identify patients in need of close monitoring. However, the pathophysiology of SUDEP is likely multifactorial and still unknown. Improving the knowledge of SUDEP incidence, risk factors, and biomarkers can help design and implement effective prevention strategies</subfield>
   </datafield>
   <datafield ind2=" " ind1=" " tag="520">
      <subfield code="a">This work was supported by Obra Social “La Caixa”, Fondo Investigacion Sanitaria (PI17/01690) from&#xd;
Instituto Salud Carlos III (ISCIII), and “Fundacio Privada Daniel Bravo Andreu”. CIBERCV is an initiative of&#xd;
the ISCIII, Spanish Ministry of Economy and Competitiveness. This work has been supported by Fondi Linea&#xd;
D1—Università Cattolica del Sacro Cuore, Italy</subfield>
   </datafield>
   <datafield ind1="8" ind2=" " tag="024">
      <subfield code="a">http://hdl.handle.net/10256/17175</subfield>
   </datafield>
   <datafield tag="653" ind2=" " ind1=" ">
      <subfield code="a">Mort sobtada</subfield>
   </datafield>
   <datafield tag="653" ind2=" " ind1=" ">
      <subfield code="a">Sudden death</subfield>
   </datafield>
   <datafield tag="653" ind2=" " ind1=" ">
      <subfield code="a">Epilèpsia -- Aspectes genètics</subfield>
   </datafield>
   <datafield tag="653" ind2=" " ind1=" ">
      <subfield code="a">Epilepsy -- Genetic aspects</subfield>
   </datafield>
   <datafield ind2="0" ind1="0" tag="245">
      <subfield code="a">Update on the genetic basis of sudden unexpected death in epilepsy</subfield>
   </datafield>
</record></metadata></record></GetRecord></OAI-PMH>